000 00271nam a22000977a 4500
008 150921b xxu||||| |||| 00| 0 eng d
020 _a9789712711633
050 _aPQ 8897.R5
_b.G934 1995
245 _aNoli me tangere /
260 _aPasig City :
_bGuerrero Publishing,
_c1995.
999 _c288704
_d288704